Discurso leído por el presidente .... José Canalejas y Méndez en la sesión inaugural del curso de 1893 a 94 celebrada el 13 de noviembre de 1893 [en la Real Academia de Jurisprudencia y Legislación]. (Record no. 39588)

MARC details
000 -LEADER
campo de control de longitud fija 00823nam a2200193 i 4500
001 - NÚMERO DE CONTROL
campo de control 39588
003 - IDENTIFICADOR DE NÚMERO DE CONTROL
campo de control ES-MaACL
005 - FECHA Y HORA DE LA ÚLTIMA TRANSACCIÓN
campo de control 20260127062526.0
007 - CAMPO FIJO DE DESCRIPCIÓN FÍSICA--INFORMACIÓN GENERAL
campo de control de longitud fija t|
008 - DATOS DE LONGITUD FIJA--INFORMACIÓN GENERAL
campo de control de longitud fija 030303s1893 sp ||||1| spa d
100 1# - ENTRADA PRINCIPAL--NOMBRE DE PERSONA
Nombre de persona Canalejas, José,
Fechas asociadas al nombre 1854-1912
9 (RLIN) 34382
245 10 - MENCIÓN DEL TÍTULO
Título Discurso leído por el presidente .... José Canalejas y Méndez en la sesión inaugural del curso de 1893 a 94 celebrada el 13 de noviembre de 1893 [en la Real Academia de Jurisprudencia y Legislación].
260 ## - PUBLICACIÓN, DISTRIBUCIÓN, ETC.
Lugar de publicación, distribución, etc. Madrid :
Nombre del editor, distribuidor, etc. [s.n.],
Fecha de publicación, distribución, etc. 1893 (
Fabricante Tip. de los Hijos de M. G. Hernández)
300 ## - DESCRIPCIÓN FÍSICA
Extensión 83 p. ;
Dimensiones 25 cm.
594 ## - Nota al título y mención de responsabilidad
Nota al título y mención de responsabilidad Precede al tít.: Real Academia de Jurisprudencia y Legislación.
700 ## - ENTRADA AGREGADA--NOMBRE PERSONAL
Nombre de persona Real Academia de Jurisprudencia y Legislación de España
9 (RLIN) 217612
852 ## - LOCALIZACIÓN
Ubicación ES-MaACL
Número de control de estantería T-689-F-10
Holdings
Estatus retirado Estado de pérdida Estado de daño No para préstamo Colección Biblioteca de origen Biblioteca actual Ubicación en estantería Fecha de adquisición Fuente de adquisición Total de préstamos Signatura topográfica completa Código de barras Visto por última vez Precio de reemplazo Tipo de ítem Koha
        Colección de folletos Biblioteca del Ateneo de Madrid Biblioteca del Ateneo de Madrid Depósito folletos 17/01/2008     T-689-F-10 1041689 23/02/2023 23/02/2023 Folleto